000 00776nam a2200253Ia 4500
003 OSt
005 20220925175002.0
006 a|||||r|||| 00| 0
007 ta
008 220923b |||||||| |||| 00| 0 eng d
020 _a0870145002
037 _cGeneral Book
040 _aRTL
_cRTL
_beng
041 _2eng
_aeng
082 _aX:57-75.1(X).N7, L8
100 _aBhagwati Jagdish
245 0 _aAnatomy and consequences of exchange control regin
260 _aCambridge
_bBallinger
_c1978
300 _axix, 232p.
_ccm.
490 _aA Special conference series on foreign trade regimes and economic development.
650 _aForeign Exchange
942 _hX:57-75.1(X).N7, L8
_cGB
_2CC
999 _c492356
_d492356